<?xml version="1.0" encoding="UTF-8"?>
<resp>
  <nextPage>https://data.bn.org.pl/api/networks/bibs.marcxml?marc=001+b1000001084960&amp;sinceId=1000001084961</nextPage>
  <collection>
    <record xmlns='http://www.loc.gov/MARC21/slim'><leader>02580nam a2200613 i 4500</leader><controlfield tag='001'>b1000001084960</controlfield><controlfield tag='005'>20260527075503.3</controlfield><controlfield tag='008'>211024s1782    pl           |000 0 pol c</controlfield><controlfield tag='009'>9912450958805606</controlfield><datafield ind1=' ' ind2=' ' tag='026'><subfield code='a'>p.o- l-le</subfield><subfield code='b'>6.e- (ndz (3)</subfield><subfield code='c'>1782 (A)</subfield><subfield code='d'>2</subfield><subfield code='5'>WA N</subfield></datafield><datafield ind1=' ' ind2=' ' tag='035'><subfield code='a'>(PL)b1000001084960</subfield></datafield><datafield ind1=' ' ind2=' ' tag='040'><subfield code='a'>WA N</subfield><subfield code='c'>WA N</subfield><subfield code='d'>WA N</subfield><subfield code='d'>WA U</subfield></datafield><datafield ind1='0' ind2=' ' tag='041'><subfield code='a'>pol</subfield><subfield code='a'>lat</subfield></datafield><datafield ind1=' ' ind2=' ' tag='046'><subfield code='k'>1782</subfield></datafield><datafield ind1='1' ind2=' ' tag='100'><subfield code='a'>Żołądkiewicz, Berard</subfield><subfield code='d'>(17..-1798)</subfield><subfield code='e'>Autor</subfield></datafield><datafield ind1='1' ind2='0' tag='245'><subfield code='a'>Kazania o sakramencie małzenstwa :</subfield><subfield code='b'>w ktorych są zebrane pobożne chrześciańskie nauki o obowiązkach małżonków po ślubie, ile małżeństwo sakramentem iest /</subfield><subfield code='c'>przez xiędza Berarda Zołądkiewicza zakonu s. o. Franciszka, wielkopolskiey prowincyi reformata, kaznodzieie ordynaryusza w kollegiacie kaliskiey.</subfield><subfield code='n'>T. 2.</subfield></datafield><datafield ind1='3' ind2='0' tag='246'><subfield code='a'>Kazania o sakramencie małżeństwa</subfield></datafield><datafield ind1=' ' ind2=' ' tag='260'><subfield code='a'>W Kaliszu :</subfield><subfield code='b'>w Drukarni J. K. M. i Rzeczy-Pltey,</subfield><subfield code='c'>[po 3 IV] 1782.</subfield></datafield><datafield ind1=' ' ind2=' ' tag='300'><subfield code='a'>[4] karty, 322 (id est 320] strony ;</subfield><subfield code='c'>8°.</subfield></datafield><datafield ind1=' ' ind2=' ' tag='336'><subfield code='a'>Tekst</subfield><subfield code='b'>txt</subfield><subfield code='2'>rdacontent</subfield></datafield><datafield ind1=' ' ind2=' ' tag='337'><subfield code='a'>Bez urządzenia pośredniczącego</subfield><subfield code='b'>n</subfield><subfield code='2'>rdamedia</subfield></datafield><datafield ind1=' ' ind2=' ' tag='338'><subfield code='a'>Wolumin</subfield><subfield code='b'>nc</subfield><subfield code='2'>rdacarrier</subfield></datafield><datafield ind1=' ' ind2=' ' tag='380'><subfield code='a'>Publikacje religijne</subfield></datafield><datafield ind1=' ' ind2=' ' tag='380'><subfield code='a'>Starodruki</subfield></datafield><datafield ind1=' ' ind2=' ' tag='380'><subfield code='a'>Książki</subfield></datafield><datafield ind1='1' ind2=' ' tag='388'><subfield code='a'>1701-1800</subfield></datafield><datafield ind1=' ' ind2=' ' tag='500'><subfield code='a'>Imprimatur datowane: 1782 die 3 Aprilis.</subfield></datafield><datafield ind1=' ' ind2=' ' tag='500'><subfield code='a'>Błąd w paginacji: opuszczone strony 176–177.</subfield></datafield><datafield ind1='4' ind2=' ' tag='510'><subfield code='a'>Estr. XV-XVIII,</subfield><subfield code='c'>XXXVI, 98.</subfield></datafield><datafield ind1=' ' ind2=' ' tag='546'><subfield code='a'>Fragmenty w języku łacińskim.</subfield></datafield><datafield ind1=' ' ind2='7' tag='650'><subfield code='a'>Małżeństwo</subfield><subfield code='2'>DBN</subfield></datafield><datafield ind1=' ' ind2='7' tag='650'><subfield code='a'>Sakramentologia</subfield><subfield code='2'>DBN</subfield></datafield><datafield ind1=' ' ind2='7' tag='650'><subfield code='a'>Teologia katolicka</subfield><subfield code='2'>DBN</subfield></datafield><datafield ind1=' ' ind2='7' tag='655'><subfield code='a'>Kazania</subfield><subfield code='2'>DBN</subfield></datafield><datafield ind1=' ' ind2=' ' tag='658'><subfield code='a'>Religia i duchowość</subfield></datafield><datafield ind1='2' ind2=' ' tag='710'><subfield code='a'>Drukarnia J.K.M. i Rzeczypospolitej (Kalisz)</subfield><subfield code='e'>Druk</subfield></datafield><datafield ind1=' ' ind2=' ' tag='752'><subfield code='a'>Polska</subfield><subfield code='d'>Kalisz.</subfield></datafield><datafield ind1=' ' ind2=' ' tag='852'><subfield code='b'>48OMNIS_UOW</subfield><subfield code='8'>991053382843908831</subfield></datafield><datafield ind1=' ' ind2=' ' tag='852'><subfield code='b'>48OMNIS_NLOP</subfield><subfield code='8'>991052958442405066</subfield></datafield><datafield ind1=' ' ind2=' ' tag='852'><subfield code='8'>22700896020005066</subfield><subfield code='j'>1</subfield><subfield code='h'>SD W.1.1330 II</subfield><subfield code='b'>BN_PL</subfield><subfield code='p'>888a1204077</subfield><subfield code='c'>bstdr</subfield></datafield><datafield ind1=' ' ind2=' ' tag='852'><subfield code='b'>48OMNIS_NETWORK</subfield><subfield code='8'>9912450958805606</subfield></datafield><datafield ind1=' ' ind2=' ' tag='852'><subfield code='8'>221153284780008831</subfield><subfield code='j'>1</subfield><subfield code='b'>5100-BUW</subfield><subfield code='p'>SD.1800024170</subfield><subfield code='c'>10014</subfield></datafield><datafield ind1=' ' ind2=' ' tag='950'><subfield code='u'>https://eu05.alma.exlibrisgroup.com/view/uresolver/48OMNIS_NETWORK/openurl?u.ignore_date_coverage=true&amp;portfolio_pid=53714275980005066&amp;Force_direct=true</subfield><subfield code='z'>Zobacz w Polonie: egzemplarz SD W.1.1330 II</subfield><subfield code='8'>53714275980005066</subfield></datafield></record>
  </collection>
</resp>
